|
|
|
|
| LEADER |
00000cam a2200000 a 4500 |
| 001 |
59274 |
| 003 |
CZ-ZlUTB |
| 005 |
20240829143849.0 |
| 008 |
080609s2008 gw d 000 0 ger d |
| 020 |
|
|
|a 9783823364399
|q (brož.)
|
| 040 |
|
|
|a DDB
|d SzZuIDS NEBIS ZHAW-L
|d ZLD002
|
| 072 |
|
7 |
|a 81
|x Lingvistika. Jazyky
|2 Konspekt
|9 11
|
| 080 |
|
|
|a 81’25
|2 MRF
|
| 080 |
|
|
|a (048.8)
|2 MRF
|
| 100 |
1 |
|
|a Göpferich, Susanne,
|d 1965-
|7 utb2011628140
|4 aut
|
| 245 |
1 |
0 |
|a Translationsprozessforschung :
|b Stand - Methoden - Perspektiven /
|c Susanne Göpferich
|
| 260 |
|
|
|a Tübingen :
|b Gunter Narr,
|c 2008
|
| 300 |
|
|
|a xiv, 313 s.
|b grafy ;
|c 22 cm
|
| 490 |
1 |
|
|a Translations-Wissenschaft ;
|v Band 4
|
| 504 |
|
|
|a Obsahuje bibliografii a rejstřík
|
| 650 |
0 |
7 |
|a překlady
|7 ph124902
|2 czenas
|
| 650 |
0 |
7 |
|a teorie překladu
|7 ph116430
|2 czenas
|
| 650 |
0 |
9 |
|a translations
|2 eczenas
|
| 650 |
0 |
9 |
|a theory of translation
|2 eczenas
|
| 655 |
|
7 |
|a monografie
|7 fd132842
|2 czenas
|
| 655 |
|
9 |
|a monographs
|2 eczenas
|
| 830 |
|
0 |
|a Translations-Wissenschaft (Gunter Narr)
|
| 910 |
|
|
|a ZLD002
|
| 952 |
|
|
|0 0
|1 0
|4 0
|6 801GÖPFERICHS
|7 0
|8 BOOK
|9 108508
|a UTBZL
|b UTBZL
|c 005
|d 2011-03-18
|l 1
|o 801/GÖPFERICH,S.
|p 420010136302
|r 2019-08-26 00:00:00
|v 1853.00
|w 2019-08-26
|x N:nákup;
|y 01
|
| 992 |
|
|
|a BK
|b SK
|d 1
|
| 999 |
|
|
|c 59274
|d 59274
|